header

Meaning (Record no. 98217)

MARC details
000 -LEADER
fixed length control field 01370nam a2200337 a 4500
100 1# - MAIN ENTRY--AUTHOR NAME
Personal name Krzeszowski, Tomasz Pawel.
245 10 - TITLE STATEMENT
Title Meaning
260 ## - PUBLICATION, DISTRIBUTION, ETC. (IMPRINT)
Place of publication Frankfurt am Main :
Name of publisher Peter Lang,
Year of publication 2012.
300 ## - PHYSICAL DESCRIPTION
Number of Pages 257 p. :
Other physical details ill.
490 1# - SERIES STATEMENT
Series statement Warsaw studies in English language and literature,
Series statement Meaning and translation ;
650 #0 - SUBJECT ADDED ENTRY--TOPICAL TERM
Topical Term Meaning (Philosophy)
Topical Term Language and languages
Topical Term Semantics (Philosophy)
856 40 - ELECTRONIC LOCATION AND ACCESS
Uniform Resource Identifier http://site.ebrary.com/lib/rucke/Doc?id=10601588

No items available.

© 2026 Rongo University
Contact us: librarian | system librarian | Rongo university